| 000 | 00467nam a2200145 a 4500 | ||
|---|---|---|---|
| 001 | 000033458 | ||
| 005 | 20200930070255.0 | ||
| 008 | 110830s1957 dr 000 0 spa d | ||
| 040 |
_aDO-SdBNP _bspa _cBNPHU |
||
| 082 |
_axxx _bB265 |
||
| 100 | 1 |
_aBarón Castro, Rodolfo _958996 |
|
| 245 | 1 | 3 |
_aLa Unesco y la República Dominicana / _cRodolfo Barón Castro,. |
| 260 |
_aCiudad Trujillo, República Dominicana : _bImpresora Dominicana, _c1957. |
||
| 300 |
_a17 p. ; _c24 cm. |
||
| 999 |
_c32949 _d32949 |
||